000 00414nam a22001697a 4500
005 20160627093856.0
008 160627b xxu||||| |||| 00| 0 eng d
020 _a0-632-05954-0
041 _aeng
082 _b10337
100 _aPrimaose, S.B. and others
_92841
245 _aPrinciples of Gene Manipulation
260 _bBlockwely Science
_c2003
300 _a319
650 _aManagement
_9241
942 _cBK
999 _c4110
_d4109